| 000 | 00936 a2200205 4500 | ||
|---|---|---|---|
| 003 | Nust | ||
| 005 | 20221013123426.0 | ||
| 010 | _a 2002038177 | ||
| 020 | _a8129700549 (pbk.) | ||
| 040 | _cNust | ||
| 082 | 0 | 0 | _a572.8,BER |
| 100 | 1 |
_aBergeron, Bryan P. _9100131 |
|
| 245 | 1 | 0 |
_aThe Complete practical guide to bioinformatics for life scientists : _bBioinformatics computing / _cBryan Bergeron. |
| 260 |
_aUpper Saddle River, NJ : _bPrentice Hall/Professional Technical Reference, _cc2003. |
||
| 300 |
_axxii, 439 p. : _bill. ; _c24 cm. |
||
| 505 | _aThe Central Dogma (Page-2), Database (Page-42), Networks (Page-104), Search Engines (Page-144), Data Visualization (Page-176), Statistics (Page-216), Data Mining (Page-260), Pattern Matching (Page-302), Modeling and Simulation (Page-342), Collaboration (Page-388). | ||
| 650 | 0 |
_aBioinformatics. _913954 |
|
| 650 | 0 |
_aMolecular biology _xData processing. _9100132 |
|
| 942 |
_2ddc _cBK |
||
| 999 |
_c177004 _d177004 |
||